Modernizácia zaradila Železiarne Podbrezová medzi najvýznamnejších výrobcov rúr v Európe
Železiarne Podbrezová (ŽP) po ukončení modernizácie výroby dosiahli špičkovú európsku úroveň výroby ocele. Finančné hospodárenie a investovanie ŽP. Podnikateľský zámer ŽP počíta v r. 1997 so zachovaním reštriktívneho trendu vo výdavkoch na investície. Nové obchodné aktivity ŽP. Antidumpingové vyšetr...
Salvato in:
| Autore principale: | |
|---|---|
| Natura: | Capitolo di libro |
| Lingua: | slovacco |
| Soggetti: | |
| Tags: |
Nessun Tag, puoi essere il primo ad aggiungerne!!
|
MARC
| LEADER | 00000naa a2200000 4500 | ||
|---|---|---|---|
| 001 | r027334 | ||
| 005 | 20230921081242.4 | ||
| 041 | 0 | |a slo | |
| 044 | |a SK | ||
| 245 | 1 | 0 | |a Modernizácia zaradila Železiarne Podbrezová medzi najvýznamnejších výrobcov rúr v Európe |c Š. Kuča |
| 520 | |a Železiarne Podbrezová (ŽP) po ukončení modernizácie výroby dosiahli špičkovú európsku úroveň výroby ocele. Finančné hospodárenie a investovanie ŽP. Podnikateľský zámer ŽP počíta v r. 1997 so zachovaním reštriktívneho trendu vo výdavkoch na investície. Nové obchodné aktivity ŽP. Antidumpingové vyšetrovanie Európskej komisie v súvislosti s vývozom bezšvíkových oceľových rúr do krajín EÚ. | ||
| 610 | 2 | 0 | |a Železiarne, a.s. Podbrezová |
| 610 | 2 | 0 | |a železiarne |
| 610 | 2 | 0 | |a oceľ |
| 610 | 2 | 0 | |a modernizácia |
| 610 | 2 | 0 | |a výroba |
| 610 | 2 | 0 | |a investície modernizačné |
| 610 | 2 | 0 | |a zisk podnikový |
| 610 | 2 | 0 | |a antidumping |
| 610 | 2 | 0 | |a Slovensko |
| 610 | 2 | 0 | |a Európska únia |
| 100 | 1 | |a Kuča, Š. | |